| 000 | 00581cam a22002052 4500 | ||
|---|---|---|---|
| 001 | 0000000570 | ||
| 005 | 20151217155804.0 | ||
| 008 | 070212s xx 000 0 eng d | ||
| 020 | _cKES | ||
| 040 |
_aKABU _cKABU |
||
| 050 | 0 |
_aD576 _b.G3L48 |
|
| 100 | 1 |
_aLettow Vorbeck, Paul Von. _@0000148800 |
|
| 245 | 1 | 0 | _aEast African Campaigns. |
| 260 |
_aNew York : _bRobert Speller, _c1957. |
||
| 300 | _a303 p. | ||
| 650 | 0 |
_aWorld War 1914-1918 _xCampaigns _zAfrica, East. _@0000148801 |
|
| 908 | _a070212 | ||
| 950 | _@1 | ||
| 999 |
_c12405 _d12405 |
||